| 000 | 01921nam0a2200373 i 4500 | ||
|---|---|---|---|
| 001 | RU\NLR\BIBL_A\010193231 | ||
| 005 | 20260405143219.0 | ||
| 010 |
_a9785446806249 _94000 |
||
| 021 |
_aRU _b2013-104006 _97227 |
||
| 035 | _a(NILC)RuMoRGB-006721234 | ||
| 035 | _a(NLR Aleph) 010193231 | ||
| 090 |
_a10208354 _c10208354 |
||
| 100 | _a20140219d2014 um y0rusy50 ca | ||
| 101 | 0 | _arus | |
| 102 | _aRU | ||
| 105 | _aa|||j||||00yy | ||
| 200 | 1 |
_aМатематика _eучебник _eдля использования в учебном процессе образовательных учреждений, реализующих образовательные программы среднего профессионального образования _fС.Г. Григорьев, С.В. Иволгина _gпод ред. проф. В.А. Гусева |
|
| 205 | _a10-е изд., стер. | ||
| 210 |
_aМосква _cАкадемия _d2014 _d[т.е. 2013] |
||
| 215 |
_a414, [1] с. _cил. _d22 |
||
| 225 | 1 |
_aСреднее профессиональное образование _iОбщеобразовательные дисциплины |
|
| 225 | 1 | _aСоответствует ФГОС | |
| 300 | _aНа обл.: 10-е изд. | ||
| 300 | _aКн. фактически издана в 2013 г. | ||
| 606 |
_aМатематика _jУчебники для среднего профессионального образования _9922118 _3RU\NLR\AUTH\6619329 |
||
| 686 | 1 | _aВ10я723-1 | |
| 700 | 1 |
_4070 _7ca _8rus _aГригорьев _bС. Г. _cканд. пед. наук, математика _gСергей Георгиевич _941893 _3RU\NLR\AUTH\7758961 |
|
| 701 | 1 |
_aИволгина _bС. В. _gСветлана Витальевна |
|
| 801 | 0 |
_aRU _bРГБ _c20110912 _gRCR |
|
| 801 | 1 |
_aRU _bРГБ _c20110912 _2rusmarc |
|
| 942 | _cBOOK | ||
| 980 | _aNBR | ||